| 000 | 00511nam a22001577a 4500 | ||
|---|---|---|---|
| 003 | OSt | ||
| 005 | 20160509151711.0 | ||
| 008 | 160509b xxu||||| |||| 00| 0 eng d | ||
| 040 | _cRUA | ||
| 082 | _aAGR SAN 2006 B470 Or.1 | ||
| 100 |
_98335 _aSANN SOTHY; សាន់ សុទ្ធី |
||
| 245 | _aCorn marketing in phnom penh; ទីផ្សារពោតក្នុងរាជធានីភ្នំពេញ | ||
| 260 |
_aPhnom Penh _bRUA _c2006 |
||
| 300 |
_axii;42p. _bill. _c29cm. |
||
| 942 |
_2ddc _cAGR |
||
| 999 |
_c7987 _d7987 |
||